[Event "Weekend Festa della Repubblica A"]
[Site "Milano ITA"]
[Date "2012.06.02"]
[Round "3"]
[White "Bosi, Clint"]
[Black "Cattaneo, Marco"]
[Result "1/2-1/2"]
[WhiteElo "2045"]
[BlackElo "2009"]
[PlyCount "126"]
[EventDate "2012.05.31"]

1. f4 d5 2. Nf3 g6 3. g3 Bg7 4. Bg2 Nf6 5. O-O O-O 6. d3 c5 7. c3 Nc6 8. Na3 b6
9. Qa4 Bb7 10. e4 dxe4 11. dxe4 Qc7 12. e5 Nd5 13. Bd2 a6 14. Rad1 b5 15. Qb3
c4 16. Qc2 Rfd8 17. Ng5 Bc8 18. Bc1 Bf5 19. Qf2 e6 20. Ne4 Bxe4 21. Bxe4 Nce7
22. Nc2 Rd7 23. Ne3 Rad8 24. Qf3 Bf8 25. Kg2 Nxe3+ 26. Bxe3 Nd5 27. Bd4 Bc5 28.
g4 Bxd4 29. Rxd4 Ne7 30. Rxd7 Rxd7 31. Kg3 g5 32. h4 gxf4+ 33. Qxf4 Ng6 34.
Bxg6 hxg6 35. h5 Rd3+ 36. Kh4 Qe7+ 37. g5 gxh5 38. Rf2 Rd5 39. Kxh5 Qc7 40. Qf6
Rd1 41. Rh2 Qd8 42. Qxd8+ Rxd8 43. g6 Rd5 44. gxf7+ Kxf7 45. Re2 a5 46. a3 Rd3
47. Rf2+ Ke7 48. Kg5 b4 49. cxb4 axb4 50. axb4 Rb3 51. Kf4 Rxb4 52. Ke3 Rb5 53.
Kd4 Rd5+ 54. Ke4 Rd1 55. Rc2 Re1+ 56. Kd4 Rd1+ 57. Kxc4 Rd5 58. Re2 Kd7 59. b4
Kc6 60. Re3 Kb6 61. Re4 Kc6 62. Re3 Kb6 63. Re1 Kc6 1/2-1/2

[Event "Weekend Festa della Repubblica A"]
[Site "Milano ITA"]
[Date "2012.06.02"]
[Round "3"]
[White "Cazzaniga, Walter"]
[Black "Villalba, Fernando"]
[Result "1-0"]
[WhiteElo "2119"]
[BlackElo "1862"]
[PlyCount "69"]
[EventDate "2012.05.31"]

1. d4 d5 2. c4 c6 3. Nc3 e6 4. e4 dxe4 5. Nxe4 Nf6 6. Nxf6+ Qxf6 7. Nf3 Bb4+ 8.
Bd2 Qe7 9. Bd3 Nd7 10. O-O Bxd2 11. Qxd2 Nf6 12. b4 b6 13. Rfe1 O-O 14. a4 Bb7
15. a5 Rad8 16. axb6 axb6 17. Ra7 Ra8 18. Rea1 Rxa7 19. Rxa7 Ra8 20. Rxa8+ Bxa8
21. Qf4 Qd8 22. h3 h6 23. Ne5 c5 24. bxc5 bxc5 25. dxc5 Qc7 26. Qd4 Ne8 27. c6
Bxc6 28. c5 Bd5 29. Qa4 Nf6 30. c6 g5 31. Nd7 Nxd7 32. cxd7 Bc6 33. Qxc6 Qxc6
34. d8=Q+ Kg7 35. Qd4+ 1-0

[Event "Weekend Festa della Repubblica A"]
[Site "Milano ITA"]
[Date "2012.06.02"]
[Round "3"]
[White "Coppola, Federico"]
[Black "Corso, Gabriele"]
[Result "1/2-1/2"]
[WhiteElo "1853"]
[BlackElo "1800"]
[PlyCount "51"]
[EventDate "2012.05.31"]

1. e4 e5 2. Nf3 Nf6 3. Nxe5 d6 4. Nf3 Nxe4 5. Nc3 Nxc3 6. dxc3 Be7 7. Be3 Nc6
8. Qd2 O-O 9. O-O-O Be6 10. Kb1 Ne5 11. Nd4 Bc4 12. b3 Bxf1 13. Rdxf1 a5 14.
Rhg1 a4 15. h3 c5 16. Nf5 b5 17. f4 Nc6 18. Nxe7+ Qxe7 19. f5 f6 20. g4 axb3
21. cxb3 Qe4+ 22. Kb2 Ne5 23. Rg3 c4 24. Bd4 Nd3+ 25. Ka1 Nc5 26. Bxc5 1/2-1/2

[Event "Weekend Festa della Repubblica A"]
[Site "Milano ITA"]
[Date "2012.06.02"]
[Round "3"]
[White "D'Avino, Gianfranco"]
[Black "Bemporad, Filippo"]
[Result "0-1"]
[WhiteElo "1843"]
[BlackElo "2078"]
[PlyCount "104"]
[EventDate "2012.05.31"]

1. d4 Nf6 2. c4 e6 3. Nc3 Bb4 4. Qc2 O-O 5. Bg5 d5 6. e3 Nbd7 7. a3 Be7 8. Nf3
b6 9. cxd5 exd5 10. Be2 Bb7 11. O-O c5 12. dxc5 Nxc5 13. Rfd1 Rc8 14. Rac1 Nce4
15. Qb3 Nxg5 16. Nxg5 Bd6 17. Nf3 Qe7 18. Nb5 Bb8 19. Nbd4 Ne4 20. Bb5 Qf6 21.
Bd7 Nc5 22. Rxc5 Rxc5 23. Qd3 Rd8 24. Ba4 Rdc8 25. Qd2 g6 26. Bb3 Qd6 27. Ne2
d4 28. Nexd4 Bxf3 29. Nxf3 Qxd2 30. Rxd2 Rc1+ 31. Bd1 Bc7 32. g3 Bd8 33. Kg2
Bf6 34. Nd4 Rd8 35. Kf3 Rc5 36. Ke2 Rcd5 37. Bb3 R5d6 38. h3 Bxd4 39. exd4 Rxd4
40. Rxd4 Rxd4 41. Ke3 Rd6 42. Bc4 Kf8 43. f4 Ke7 44. a4 f6 45. b3 Rd8 46. Ke4
Kd6 47. Kd4 Re8 48. Bd3 Re1 49. Be4 Rg1 50. g4 Rg3 51. f5 g5 52. b4 Rxh3 0-1

[Event "Weekend Festa della Repubblica A"]
[Site "Milano ITA"]
[Date "2012.06.02"]
[Round "3"]
[White "Gozzini, Giambattista"]
[Black "Marchini, Daniele"]
[Result "0-1"]
[WhiteElo "1865"]
[BlackElo "1846"]
[PlyCount "74"]
[EventDate "2012.05.31"]

1. e4 c5 2. Nf3 d6 3. Bb5+ Bd7 4. Bxd7+ Qxd7 5. O-O Nc6 6. c3 g6 7. d3 Bg7 8.
Be3 Nf6 9. Na3 Rd8 10. Nc2 O-O 11. Qd2 Ng4 12. Bf4 Nge5 13. Qe2 Qg4 14. Bg3
Nxf3+ 15. gxf3 Qh5 16. Kg2 Be5 17. Rad1 g5 18. Ne3 e6 19. Ng4 Qg6 20. Nxe5 dxe5
21. Rh1 h5 22. h4 f6 23. Rdg1 Rd7 24. Kf1 Rfd8 25. hxg5 Rxd3 26. gxf6 Kf7 27.
Kg2 Rd2 28. Qe3 R8d3 29. Qxc5 Qxf6 30. f4 Rxg3+ 31. Kxg3 Qxf4+ 32. Kh3 Qf3+ 33.
Kh4 Rxf2 34. Rh3 Qxe4+ 35. Kxh5 Qh7+ 36. Kg4 Qg6+ 37. Kh4 Rf4+ 0-1

[Event "Weekend Festa della Repubblica A"]
[Site "Milano ITA"]
[Date "2012.06.02"]
[Round "3"]
[White "Guzzetti, Luigi Enrico"]
[Black "Franceschetti, Nando"]
[Result "1-0"]
[WhiteElo "1965"]
[BlackElo "1842"]
[PlyCount "85"]
[EventDate "2012.05.31"]

1. e4 e5 2. Nf3 Nf6 3. Nxe5 d6 4. Nf3 Nxe4 5. Nc3 Nxc3 6. dxc3 Be7 7. Be3 O-O
8. Bd3 Nd7 9. h3 Nf6 10. Qd2 Be6 11. O-O Qd7 12. Kh2 Bf5 13. Rae1 Bg6 14. Re2
a6 15. Rfe1 Rae8 16. c4 c5 17. Bxg6 fxg6 18. Bg5 Qd8 19. Bxf6 Bxf6 20. Rxe8
Rxe8 21. Rxe8+ Qxe8 22. Qxd6 Qc6 23. Qxc6 bxc6 24. b3 Kf7 25. Kg3 Ke6 26. Kf4
h6 27. h4 a5 28. g4 Bb2 29. Ke4 Bc3 30. Kd3 Bb2 31. c3 Bc1 32. Ke4 Bb2 33. Ne5
Bxc3 34. Nxg6 Kf6 35. Nf4 g5 36. hxg5+ hxg5 37. Ne2 Bd2 38. f4 gxf4 39. Nxf4
Be1 40. Nd3 Bb4 41. Ne5 Kg5 42. Nxc6 Bc3 43. Kd5 1-0

[Event "Weekend Festa della Repubblica A"]
[Site "Milano ITA"]
[Date "2012.06.02"]
[Round "3"]
[White "Mondal, Prince"]
[Black "Gemelli, Giovanni"]
[Result "1/2-1/2"]
[WhiteElo "1812"]
[BlackElo "1783"]
[PlyCount "58"]
[EventDate "2012.05.31"]

1. e4 c5 2. Nf3 Nc6 3. c3 Nf6 4. e5 Nd5 5. d4 cxd4 6. cxd4 d6 7. Bc4 e6 8. O-O
Nb6 9. Bb5 Bd7 10. Bg5 Be7 11. Bxe7 Qxe7 12. Nc3 O-O 13. Qe2 a6 14. Bd3 Nb4 15.
Be4 d5 16. Bb1 Rac8 17. a3 Nc6 18. Qd3 g6 19. b4 Na7 20. Rc1 f6 21. exf6 Qxf6
22. Ba2 Rc7 23. Ne2 Bb5 24. Qe3 Rxc1+ 25. Rxc1 Bxe2 26. Qxe2 Nc6 27. Qe3 Kh8
28. Re1 Re8 29. h3 Kg7 1/2-1/2

[Event "Weekend Festa della Repubblica A"]
[Site "Milano ITA"]
[Date "2012.06.02"]
[Round "3"]
[White "Motola, Jacopo"]
[Black "Bisignano, Giuseppe"]
[Result "1-0"]
[WhiteElo "1937"]
[BlackElo "1877"]
[PlyCount "91"]
[EventDate "2012.05.31"]

1. e4 e5 2. Nf3 Nc6 3. Bb5 a6 4. Bxc6 dxc6 5. O-O f6 6. d4 Bg4 7. dxe5 Qxd1 8.
Rxd1 fxe5 9. h3 Bxf3 10. gxf3 Nf6 11. Nc3 Bd6 12. f4 Nh5 13. f5 O-O-O 14. Ne2
g6 15. fxg6 hxg6 16. Kg2 Rdf8 17. f3 Rh7 18. Ng3 Nf4+ 19. Bxf4 exf4 20. Ne2 Be5
21. Rab1 Rfh8 22. Rh1 Rd7 23. Rbd1 Rhd8 24. Rxd7 Rxd7 25. Rg1 Rd2 26. Kf1 Rxc2
27. Rxg6 Rxb2 28. h4 c5 29. h5 Rb6 30. Rxb6 cxb6 31. h6 c4 32. h7 b5 33. Nxf4
b4 34. Ke2 a5 35. Ng6 Bg7 36. h8=Q+ Bxh8 37. Nxh8 a4 38. Kd2 b5 39. Nf7 Kd7 40.
Ne5+ Kd6 41. f4 Kc5 42. f5 b3 43. axb3 cxb3 44. f6 b2 45. Kc2 a3 46. f7 1-0

[Event "Weekend Festa della Repubblica A"]
[Site "Milano ITA"]
[Date "2012.06.02"]
[Round "3"]
[White "Pierandrei, Cristiano"]
[Black "Virzi, Ettore"]
[Result "1-0"]
[WhiteElo "1955"]
[BlackElo "1943"]
[PlyCount "85"]
[EventDate "2012.05.31"]

1. e4 e5 2. Nf3 Nc6 3. Bb5 a6 4. Ba4 Nf6 5. O-O b5 6. Bb3 Bc5 7. a4 Rb8 8. c3
d6 9. d4 Bb6 10. Na3 O-O 11. axb5 axb5 12. Nxb5 Bg4 13. Re1 Bxf3 14. gxf3 Nh5
15. Kh1 Qf6 16. Rg1 Nf4 17. Be3 Rfc8 18. Rg4 h5 19. Rg3 Ne7 20. Bc4 Neg6 21. b4
c6 22. Na3 d5 23. Ba6 Rd8 24. Nc2 Bc7 25. Qd2 h4 26. Rg4 Ne6 27. Be2 exd4 28.
cxd4 dxe4 29. Rxe4 Ne5 30. Ne1 g6 31. Qb2 Nd7 32. Nd3 Ng5 33. Bxg5 Qxg5 34. Rg1
Qf6 35. Ne5 Nxe5 36. dxe5 Qe7 37. Bc4 Kf8 38. e6 f6 39. Rxh4 Rxb4 40. Qe2 f5
41. Rh8+ Kg7 42. Qe5+ Qf6 43. Rh7+ 1-0

[Event "Weekend Festa della Repubblica A"]
[Site "Milano ITA"]
[Date "2012.06.02"]
[Round "3"]
[White "Van Hoolandt, Patrick"]
[Black "Pelizzola, Danilo"]
[Result "0-1"]
[WhiteElo "2139"]
[BlackElo "2005"]
[PlyCount "117"]
[EventDate "2012.05.31"]

1. d4 Nf6 2. c4 e6 3. Nc3 Bb4 4. e3 O-O 5. Bd3 b6 6. Nf3 Bb7 7. O-O d6 8. Na4
d5 9. c5 bxc5 10. dxc5 Bc6 11. a3 Bxa4 12. Qxa4 Bxc5 13. b4 Bd6 14. Bb2 Nbd7
15. Qc6 Qe7 16. Rfd1 Rab8 17. g3 a5 18. Bxf6 Nxf6 19. bxa5 Qd7 20. Rdc1 Ra8 21.
a6 Qxc6 22. Rxc6 Rfb8 23. a4 Nd7 24. Rac1 Ne5 25. Nxe5 Bxe5 26. Bb5 Ra7 27. Kf1
Kf8 28. Ke2 Ke7 29. f4 Bd6 30. Kd3 h6 31. e4 dxe4+ 32. Kxe4 Rd8 33. R1c2 Kf6
34. h4 g5 35. hxg5+ hxg5 36. Rh2 gxf4 37. gxf4 Rg8 38. Rh6+ Ke7 39. Be2 Raa8
40. f5 exf5+ 41. Kxf5 Rg2 42. Bc4 Rf2+ 43. Ke4 Kd7 44. Bb5 Ke7 45. Rh7 Rf6 46.
Rc2 Rf4+ 47. Ke3 Rf5 48. Ke4 Re5+ 49. Kd4 Rf5 50. Re2+ Kf6 51. Bc4 Bc5+ 52. Kc3
Rf3+ 53. Kc2 Rf8 54. Rh6+ Kg5 55. Rc6 Bb6 56. a5 Bd4 57. Bd3 Rb8 58. Rg2+ Kf4
59. Rc4 0-1

[Event "Weekend Festa della Repubblica A"]
[Site "Milano ITA"]
[Date "2012.06.02"]
[Round "3"]
[White "Zuliani, Francesco"]
[Black "Mouflih, Caesar Faycal"]
[Result "0-1"]
[WhiteElo "1770"]
[BlackElo "1982"]
[PlyCount "76"]
[EventDate "2012.05.31"]

1. e4 e5 2. Nf3 Nc6 3. Bb5 a6 4. Bxc6 dxc6 5. d4 exd4 6. Qxd4 Qxd4 7. Nxd4 Bd7
8. Nc3 O-O-O 9. f3 Bc5 10. Nb3 Bb4 11. Bd2 Ne7 12. a3 Bd6 13. O-O-O Ng6 14. Kb1
f6 15. Nc1 Ne5 16. Nd3 Nc4 17. Bc1 Be6 18. Ka2 Nxa3+ 19. b3 Nxc2 20. Nf4 Nb4+
21. Kb2 Bf7 22. Nce2 Be5+ 23. Ka3 a5 24. Ng3 Nc2+ 25. Ka2 a4 26. Nf5 axb3+ 27.
Kb1 b6 28. Nd3 Bc3 29. Bb2 Bxb2 30. Kxb2 Kb7 31. Nc1 Nb4 32. Rhf1 g6 33. Nh6
Bc4 34. Rfe1 c5 35. Kc3 b5 36. Nxb3 Bxb3 37. Kxb3 Rd3+ 38. Rxd3 Nxd3 0-1

[Event "Weekend Festa della Repubblica A"]
[Site "Milano ITA"]
[Date "2012.06.02"]
[Round "4"]
[White "Bemporad, Filippo"]
[Black "Cazzaniga, Walter"]
[Result "0-1"]
[WhiteElo "2078"]
[BlackElo "2119"]
[PlyCount "68"]
[EventDate "2012.05.31"]

1. d4 Nf6 2. Nf3 g6 3. c4 Bg7 4. Nc3 d5 5. cxd5 Nxd5 6. Bd2 O-O 7. e4 Nb6 8.
Be3 Bg4 9. Be2 Nc6 10. d5 Bxf3 11. gxf3 Ne5 12. Bd4 c5 13. dxc6 bxc6 14. Kf1
Qc7 15. Be3 Rfd8 16. Qc1 Nbc4 17. Bf4 Qb6 18. b3 Nd3 19. Bxd3 Rxd3 20. Na4 Qd4
21. Kg2 Qxa1 22. Qxa1 Bxa1 23. Rxa1 Nb6 24. Nc5 Rc3 25. Na6 Rd8 26. Be5 Rc2 27.
Nb4 Rc5 28. Bf4 f6 29. Be3 Rc3 30. Rb1 Kf7 31. a4 Nc8 32. Na2 Rxe3 33. fxe3
Rd2+ 34. Kg3 Rxa2 0-1

[Event "Weekend Festa della Repubblica A"]
[Site "Milano ITA"]
[Date "2012.06.02"]
[Round "4"]
[White "Cattaneo, Marco"]
[Black "Van Hoolandt, Patrick"]
[Result "1/2-1/2"]
[WhiteElo "2009"]
[BlackElo "2139"]
[PlyCount "80"]
[EventDate "2012.05.31"]

1. d4 Nf6 2. Nf3 e6 3. c4 d5 4. Nc3 Bb4 5. cxd5 exd5 6. Bg5 Nbd7 7. e3 c5 8.
Bd3 Qa5 9. Qc2 O-O 10. O-O c4 11. Bf5 Re8 12. Nd2 g6 13. Bh3 Kg7 14. Rfe1 Ne4
15. Ndxe4 dxe4 16. Bxd7 Bxd7 17. Bf4 Bxc3 18. Qxc3 Qxc3 19. bxc3 b5 20. Bd6 Re6
21. Bc5 Rc6 22. Red1 a5 23. a3 f6 24. h3 Kf7 25. Rab1 Rc7 26. Rb2 Ke6 27. Rbd2
Kd5 28. Kh2 Rb7 29. Rb1 Bc6 30. Rbb2 Rab8 31. Rd1 h5 32. Rc1 h4 33. f4 Bd7 34.
Rcb1 Be6 35. Rf2 Bf5 36. Rfb2 Bd7 37. Rf2 Rc8 38. Rd2 Rg8 39. Rf2 Rh8 40. g4 f5
1/2-1/2

[Event "Weekend Festa della Repubblica A"]
[Site "Milano ITA"]
[Date "2012.06.02"]
[Round "4"]
[White "Corso, Gabriele"]
[Black "Beccari, Paolo"]
[Result "1/2-1/2"]
[WhiteElo "1800"]
[BlackElo "1807"]
[PlyCount "69"]
[EventDate "2012.05.31"]

1. e4 d5 2. exd5 Qxd5 3. Nc3 Qd6 4. d4 Nf6 5. Nf3 Nc6 6. Be2 Bf5 7. Be3 a6 8.
Qd2 O-O-O 9. O-O-O e6 10. Bc4 Qb4 11. Qe2 Qa5 12. Bd2 Bb4 13. Be1 Nd5 14. Nxd5
exd5 15. Bb3 Rhe8 16. Qf1 Bg4 17. Bxb4 Qxb4 18. Qd3 Re4 19. c3 Qe7 20. h3 Bxf3
21. Qxf3 Qg5+ 22. Kb1 f5 23. Bc2 Rf4 24. Qg3 Qxg3 25. fxg3 Rf2 26. Rhf1 Rxf1
27. Rxf1 g6 28. Re1 Kd7 29. Kc1 Re8 30. Rxe8 Kxe8 31. Kd2 Ne7 32. Ke3 Kf7 33.
Kf4 Kf6 34. b3 b5 35. Bd3 1/2-1/2

[Event "Weekend Festa della Repubblica A"]
[Site "Milano ITA"]
[Date "2012.06.02"]
[Round "4"]
[White "Franceschetti, Nando"]
[Black "Gozzini, Giambattista"]
[Result "0-1"]
[WhiteElo "1842"]
[BlackElo "1865"]
[PlyCount "46"]
[EventDate "2012.05.31"]

1. d4 d5 2. e4 dxe4 3. Nc3 Nf6 4. f3 exf3 5. Nxf3 c6 6. Be2 Bf5 7. O-O e6 8.
Kh1 Be7 9. Be3 O-O 10. Nh4 Bg6 11. Nxg6 hxg6 12. Bd3 Nd5 13. Nxd5 cxd5 14. Qg4
Nd7 15. Rxf7 Rxf7 16. Bxg6 Rf6 17. Bd3 Nf8 18. h4 Qe8 19. h5 Qf7 20. Bg5 Nh7
21. Bg6 Rxg6 22. hxg6 Qxg6 23. Re1 Nxg5 0-1

[Event "Weekend Festa della Repubblica A"]
[Site "Milano ITA"]
[Date "2012.06.02"]
[Round "4"]
[White "Gemelli, Giovanni"]
[Black "Bisignano, Giuseppe"]
[Result "0-1"]
[WhiteElo "1783"]
[BlackElo "1877"]
[PlyCount "48"]
[EventDate "2012.05.31"]

1. e4 e5 2. Nf3 Nc6 3. d4 exd4 4. Nxd4 Bc5 5. Be3 Qf6 6. c3 d6 7. Bc4 Ne5 8.
Be2 g5 9. O-O Ne7 10. Qd2 Rg8 11. Nb5 Rb8 12. Bxc5 dxc5 13. Nxc7+ Kf8 14. Qd8+
Kg7 15. Ne8+ Rxe8 16. Qxe8 N7c6 17. f4 gxf4 18. g3 f3 19. Nd2 Bg4 20. Qxb8 Nxb8
21. Bxf3 Nxf3+ 22. Nxf3 Bxf3 23. Rf2 Nc6 24. Raf1 Ne5 0-1

[Event "Weekend Festa della Repubblica A"]
[Site "Milano ITA"]
[Date "2012.06.02"]
[Round "4"]
[White "Guzzetti, Luigi Enrico"]
[Black "Coppola, Federico"]
[Result "1-0"]
[WhiteElo "1965"]
[BlackElo "1853"]
[PlyCount "66"]
[EventDate "2012.05.31"]

1. e4 c5 2. Nf3 d6 3. d4 cxd4 4. Nxd4 Nf6 5. Nc3 g6 6. Be2 Bg7 7. O-O O-O 8.
Be3 Nc6 9. Qd2 Ng4 10. Bxg4 Bxg4 11. h3 Bd7 12. f4 Na5 13. b3 Rc8 14. Rad1 Bc6
15. Nxc6 Nxc6 16. Ne2 b5 17. c3 Qa5 18. Rc1 Rfd8 19. Rfd1 Rd7 20. c4 b4 21. Qc2
Nb8 22. Rd5 Qd8 23. Rcd1 e6 24. R5d3 Qc7 25. Qd2 Rcd8 26. Qxb4 Qc6 27. Ng3 h5
28. Qb5 h4 29. Qxc6 Nxc6 30. Ne2 d5 31. cxd5 Nb4 32. R3d2 exd5 33. a3 Nc6 1-0

[Event "Weekend Festa della Repubblica A"]
[Site "Milano ITA"]
[Date "2012.06.02"]
[Round "4"]
[White "Marchini, Daniele"]
[Black "Bonazzi, Edoardo"]
[Result "1/2-1/2"]
[WhiteElo "1846"]
[BlackElo "2139"]
[PlyCount "63"]
[EventDate "2012.05.31"]

1. d4 Nf6 2. c4 c5 3. d5 b5 4. cxb5 a6 5. bxa6 Bxa6 6. Nc3 d6 7. Nf3 Nbd7 8. e4
Bxf1 9. Kxf1 g6 10. g3 Bg7 11. Kg2 O-O 12. h3 Ra6 13. Qc2 Qa8 14. Be3 e6 15.
Rhd1 exd5 16. exd5 Re8 17. a3 Ne5 18. Nxe5 Rxe5 19. Qd3 Nh5 20. g4 Nf6 21. Bf4
Re7 22. Re1 Rxe1 23. Rxe1 Rb6 24. Bc1 Nd7 25. Qe4 Bxc3 26. Qe8+ Qxe8 27. Rxe8+
Kg7 28. bxc3 Nf6 29. Ra8 Nxd5 30. c4 Rb1 31. Bd2 Rb2 32. Bc1 1/2-1/2

[Event "Weekend Festa della Repubblica A"]
[Site "Milano ITA"]
[Date "2012.06.02"]
[Round "4"]
[White "Mondal, Prince"]
[Black "D'Avino, Gianfranco"]
[Result "1/2-1/2"]
[WhiteElo "1812"]
[BlackElo "1843"]
[PlyCount "41"]
[EventDate "2012.05.31"]

1. e4 e6 2. d4 d5 3. e5 c5 4. c3 Nc6 5. Nf3 Bd7 6. Be2 h5 7. O-O Nh6 8. Bd3 Rc8
9. a3 cxd4 10. cxd4 Be7 11. Nc3 Qb6 12. Na4 Qc7 13. Qe2 g6 14. Nc3 a6 15. Be3
Nf5 16. Rac1 Qd8 17. b4 b5 18. Rfd1 Rc7 19. Qd2 h4 20. h3 Rb7 21. Be2 1/2-1/2

[Event "Weekend Festa della Repubblica A"]
[Site "Milano ITA"]
[Date "2012.06.02"]
[Round "4"]
[White "Mouflih, Caesar Faycal"]
[Black "Bosi, Clint"]
[Result "1/2-1/2"]
[WhiteElo "1982"]
[BlackElo "2045"]
[PlyCount "113"]
[EventDate "2012.05.31"]

1. e4 e6 2. d4 d5 3. Nd2 Nf6 4. e5 Nfd7 5. Bd3 c5 6. c3 Nc6 7. Ne2 Be7 8. O-O
O-O 9. f4 f6 10. Nf3 Qb6 11. Kh1 cxd4 12. cxd4 Nb4 13. Bb1 Qc7 14. Nc3 b6 15.
a3 Nc6 16. f5 Ba6 17. Re1 Rad8 18. fxe6 Ndb8 19. Nh4 Nxd4 20. Qxd4 fxe5 21.
Bxh7+ Kxh7 22. Qg4 Qc4 23. Qh5+ Kg8 24. Bg5 Bxg5 25. Qxg5 Qf4 26. Qxf4 Rxf4 27.
Ng6 Rf6 28. e7 Re8 29. Nxe5 Bb7 30. Rad1 Rxe7 31. Ng4 Rfe6 32. Rxe6 Rxe6 33.
Kg1 Rd6 34. Nb5 Rg6 35. h3 a6 36. Nd4 Nc6 37. Nf3 Na5 38. Nfe5 Re6 39. Rc1 Nc4
40. Nxc4 dxc4 41. Rxc4 Re2 42. Nf2 Rxb2 43. Rb4 Rxb4 44. axb4 Kf7 45. Nd1 Ke6
46. Nc3 Bc6 47. Kf2 Ke5 48. Ke3 Bxg2 49. Na4 b5 50. Nc5 Bxh3 51. Nxa6 g5 52.
Nc7 Bd7 53. Kf3 Kf5 54. Kg3 Bc6 55. Na6 Be8 56. Nc7 Bd7 57. Na6 1/2-1/2

[Event "Weekend Festa della Repubblica A"]
[Site "Milano ITA"]
[Date "2012.06.02"]
[Round "4"]
[White "Pelizzola, Danilo"]
[Black "Pierandrei, Cristiano"]
[Result "1-0"]
[WhiteElo "2005"]
[BlackElo "1955"]
[PlyCount "81"]
[EventDate "2012.05.31"]

1. e4 e6 2. d4 d5 3. exd5 exd5 4. Bd3 Nc6 5. Nf3 Bg4 6. c3 Bd6 7. Be3 Nge7 8.
Nbd2 Qd7 9. O-O f6 10. Re1 O-O-O 11. b4 Bf5 12. Bf1 g5 13. Nb3 Ng6 14. a4 g4
15. Nfd2 h5 16. b5 Nce7 17. Nc5 Qe8 18. a5 h4 19. Qe2 g3 20. b6 gxh2+ 21. Kh1
Bxc5 22. dxc5 a6 23. bxc7 Rd7 24. Qf3 Ne5 25. Qf4 Qg6 26. Bd4 N7c6 27. Nf3 Nxf3
28. Qxf3 h3 29. Qg3 Qh6 30. Qe3 Qg6 31. g3 Re7 32. Qf4 Rhe8 33. Rxe7 Rxe7 34.
Kxh2 Ne5 35. Bxe5 fxe5 36. Qh4 Rxc7 37. Qh8+ Kd7 38. Qxe5 Be4 39. c4 Kc6 40.
Rb1 Kxc5 41. Qxc7+ 1-0

[Event "Weekend Festa della Repubblica A"]
[Site "Milano ITA"]
[Date "2012.06.02"]
[Round "4"]
[White "Virzi, Ettore"]
[Black "Zuliani, Francesco"]
[Result "1-0"]
[WhiteElo "1943"]
[BlackElo "1770"]
[PlyCount "41"]
[EventDate "2012.05.31"]

1. e4 c5 2. Nf3 d6 3. d4 cxd4 4. Nxd4 Nf6 5. Nc3 a6 6. Bg5 e6 7. f4 Be7 8. Qf3
Qc7 9. O-O-O Nbd7 10. Bd3 b5 11. Rhe1 Bb7 12. Qg3 b4 13. Nd5 exd5 14. exd5 Bxd5
15. Nf5 O-O 16. Bh6 g6 17. Nxe7+ Kh8 18. Nxd5 Nxd5 19. Bxf8 Nxf8 20. Be4 Rc8
21. Rxd5 1-0

[Event "Weekend Festa della Repubblica A"]
[Site "Milano ITA"]
[Date "2012.06.03"]
[Round "5"]
[White "Beccari, Paolo"]
[Black "Gozzini, Giambattista"]
[Result "0-1"]
[WhiteElo "1807"]
[BlackElo "1865"]
[PlyCount "64"]
[EventDate "2012.05.31"]

1. e4 e5 2. Nf3 Nc6 3. Bb5 a6 4. Ba4 Nf6 5. O-O Be7 6. d3 d6 7. c3 O-O 8. h3
Bd7 9. Nbd2 h6 10. Re1 Re8 11. Nf1 Bf8 12. Ng3 b5 13. Bc2 g6 14. Bb3 Na5 15.
Bc2 c5 16. Nh4 Bg7 17. b4 cxb4 18. cxb4 Nc6 19. Bb3 Be6 20. Bxe6 Rxe6 21. Bb2
Nd7 22. Nf3 Nxb4 23. Ba3 Nc6 24. Qb3 Nb6 25. Rac1 d5 26. Red1 Rc8 27. Rc5 d4
28. Ne2 Na5 29. Qb4 Rec6 30. Rdc1 Bf8 31. Nxe5 Rxc5 32. Rxc5 Rxc5 0-1

[Event "Weekend Festa della Repubblica A"]
[Site "Milano ITA"]
[Date "2012.06.03"]
[Round "5"]
[White "Bonazzi, Edoardo"]
[Black "Mondal, Prince"]
[Result "1-0"]
[WhiteElo "2139"]
[BlackElo "1812"]
[PlyCount "148"]
[EventDate "2012.05.31"]

1. c4 c5 2. g3 g6 3. Bg2 Bg7 4. Nc3 Nc6 5. Nf3 Nf6 6. d4 cxd4 7. Nxd4 O-O 8.
O-O Nxd4 9. Qxd4 d6 10. Qd3 Nd7 11. b3 Ne5 12. Qd2 Rb8 13. Bb2 Be6 14. Rfd1 a6
15. Nd5 b5 16. cxb5 Rxb5 17. Rac1 Bxd5 18. Bxd5 Qb6 19. Bd4 Qb8 20. Bc6 Nxc6
21. Bxg7 Kxg7 22. Rxc6 Qa8 23. Qc3+ f6 24. Rc7 Rf7 25. Rd4 Qb8 26. Rdc4 Rb7 27.
Rc8 Qa7 28. Qa5 Rb6 29. R4c7 Rb7 30. Rc6 Qd4 31. e3 Rb5 32. Qc3 Qxc3 33. Rxc3
Rf8 34. R8c7 Kf7 35. R3c6 Ra5 36. Rxd6 Rxa2 37. Rdd7 Re8 38. Ra7 f5 39. Rdb7
Ra3 40. h4 a5 41. Kg2 Kf6 42. Kf3 h6 43. Rb5 g5 44. hxg5+ hxg5 45. Raxa5 Rxa5
46. Rxa5 Rb8 47. Ra3 g4+ 48. Ke2 Ke5 49. Kd3 Rd8+ 50. Kc3 e6 51. Ra4 Rc8+ 52.
Rc4 Rb8 53. b4 Kd5 54. Rd4+ Kc6 55. e4 fxe4 56. Rxe4 Rf8 57. Rxe6+ Kd5 58. Re2
Rf3+ 59. Kb2 Kd4 60. Rc2 Rf5 61. Kb3 Rf3+ 62. Ka4 Kd3 63. Rb2 Kc4 64. Ka5 Ra3+
65. Kb6 Kc3 66. Rb1 Ra2 67. b5 Rxf2 68. Rg1 Rf6+ 69. Ka7 Rf7+ 70. Ka6 Kc4 71.
b6 Rf3 72. b7 Rf6+ 73. Ka7 Rf7 74. Ka8 Rxb7 1-0

[Event "Weekend Festa della Repubblica A"]
[Site "Milano ITA"]
[Date "2012.06.03"]
[Round "5"]
[White "Cazzaniga, Walter"]
[Black "Pelizzola, Danilo"]
[Result "1-0"]
[WhiteElo "2119"]
[BlackElo "2005"]
[PlyCount "73"]
[EventDate "2012.05.31"]

1. c4 e5 2. Nc3 Nf6 3. g3 d5 4. cxd5 Nxd5 5. Bg2 Be6 6. Nf3 Nc6 7. Ng5 Qxg5 8.
Nxd5 Bd6 9. O-O Qh5 10. d3 O-O 11. Be3 Rae8 12. Rc1 f5 13. Bc5 Qf7 14. Bxd6
cxd6 15. Nc3 d5 16. Na4 Kh8 17. Nc5 Rd8 18. Nxe6 Qxe6 19. e3 f4 20. Qh5 Qf6 21.
a3 g5 22. exf4 gxf4 23. Rc5 f3 24. Bh3 Qf7 25. Re1 Kg7 26. Qg5+ Kh8 27. b4 a6
28. a4 Nxb4 29. Qxe5+ Qg7 30. Rc7 Qxe5 31. Rxe5 Rfe8 32. Rh5 Re1+ 33. Bf1 Rde8
34. Rhxh7+ Kg8 35. Rcg7+ Kf8 36. Rxb7 Rb1 37. Rh8# 1-0

[Event "Weekend Festa della Repubblica A"]
[Site "Milano ITA"]
[Date "2012.06.03"]
[Round "5"]
[White "D'Avino, Gianfranco"]
[Black "D'Avino, Luca"]
[Result "1-0"]
[WhiteElo "1843"]
[BlackElo "1869"]
[PlyCount "55"]
[EventDate "2012.05.31"]

1. d4 Nf6 2. c4 g6 3. Nc3 d5 4. Nf3 Bg7 5. cxd5 Nxd5 6. e4 Nxc3 7. bxc3 c5 8.
Be3 O-O 9. Be2 Nd7 10. O-O Nf6 11. Qc2 Bg4 12. Rfd1 cxd4 13. cxd4 Qa5 14. h3
Bxf3 15. Bxf3 Rac8 16. Qd2 Qa4 17. Rac1 e5 18. dxe5 Nxe4 19. Bxe4 Qxe4 20. Bxa7
b5 21. f4 Bh6 22. Be3 Rcd8 23. Qf2 Rxd1+ 24. Rxd1 Rc8 25. Rd2 Rc3 26. Re2 Rc4
27. Kh2 Rc3 28. Bd2 1-0

[Event "Weekend Festa della Repubblica A"]
[Site "Milano ITA"]
[Date "2012.06.03"]
[Round "5"]
[White "Labarthe, Arnaud"]
[Black "Coppola, Federico"]
[Result "0-1"]
[WhiteElo "1907"]
[BlackElo "1853"]
[PlyCount "47"]
[EventDate "2012.05.31"]

1. d4 c5 2. d5 e6 3. e4 exd5 4. exd5 d6 5. Nc3 Nf6 6. Nf3 g6 7. Bf4 a6 8. a4
Bg7 9. h3 O-O 10. Be2 b6 11. Nd2 Ra7 12. O-O Re8 13. Bf3 Rb7 14. Nc4 Bf8 15.
Qd2 b5 16. axb5 axb5 17. Na5 Rb6 18. Bg5 Bg7 19. Nc6 Nxc6 20. dxc6 Be6 21. Rfd1
d5 22. Nxd5 Bxd5 23. Bxd5 Qxd5 24. c3 0-1